Chladiace prostriedky pre chladiace systémy v mechanikách palivových článkov obsahujúce deriváty azolu

Bibliographic Details
Corporate Author: BASF AKTIENGESELLSCHAFT (Ludwigshafen, Nemecko) (Patent holder)
Other Authors: Dambach, Stefan (Originator), Meszaros, Ladislaus (Originator), Fidorra, Uwe (Originator), Wenderoth, Bernd (Originator)
Format: Book
Language:Slovak
PhysicalDescription:7 s. tab. 30 cm
Published: [Banská Bystrica] Úrad priemyselného vlastníctva SR [2009]
Subjects:

MARC

LEADER 00000cam a2200000 a 4500
001 vtls010035588
003 SK-MaSNL
005 20260301030344.0
008 251120s2009 xo a j f000 0 slo
013 |a 287103  |b SK  |c patent  |d 20091207  |e dátum nadobudnutia účinkov patentu (Vestník ÚPV SR č.: 12/2009)  |d 20101109  |e dátum sprístupnenia patentu 
013 |a 1514-2003  |e číslo prihlášky  |d 20020606  |e dátum podania prihlášky  |d 20041005  |e dátum zverejnenia prihlášky (Vestník ÚPV SR č.: 10/2004) 
013 |a 101 28 530.2  |e číslo prioritnej prihlášky  |d 20010613  |e dátum podania prioritnej prihlášky  |b DE  |e kód krajiny prioritnej prihlášky 
015 |a SNBN2013 
040 |a SNK  |b slo  |c SNK  |e AACR2 
041 0 |a slo 
044 |a xo  |c SK 
072 7 |a 621  |x Strojárstvo  |2 konspekt 
080 |a 621.56/.59  |2 2001 
080 |a 621.565  |2 2001 
084 |a C09K 5/00  |2 IPC 
084 |a H01M 8/04  |2 IPC 
245 0 0 |a Chladiace prostriedky pre chladiace systémy v mechanikách palivových článkov obsahujúce deriváty azolu  |c Bernd Wenderoth ... [et al.] ; patent. zást. Viera Žovicová 
260 |a [Banská Bystrica]  |b Úrad priemyselného vlastníctva SR  |c [2009] 
300 |a 7 s.  |b tab.  |c 30 cm 
650 0 7 |a chladiace zariadenia  |2 SVKBBPH  |9 3524 
650 0 7 |a Cooling systems  |2 SNKPHeng  |9 324061 
655 7 |a patenty  |2 SVKBBPH  |9 177343 
655 7 |a patent licenses  |2 SNKPHeng  |9 303430 
700 1 |a Dambach, Stefan  |4 org  |9 324062 
700 1 |a Meszaros, Ladislaus  |4 org  |9 324063 
700 1 |a Žovicová, Viera  |4 oth  |9 305079 
700 1 |a Fidorra, Uwe  |4 org  |9 324064 
700 1 |a Wenderoth, Bernd  |4 org  |9 324065 
710 2 |a BASF AKTIENGESELLSCHAFT (Ludwigshafen, Nemecko)  |4 pth  |9 306000 
999 |c 574263  |d 576193 
952 |a SNK  |b SNK  |y PREZ  |7 0  |p 17A1074664  |o snkSK 287103  |i snk2013/17799  |8 0  |0 0  |1 0  |4 0  |d 2013-07-29  |l 0  |r 2026-02-23 14:27:48  |w 2026-02-23